|
|
|
|
| LEADER |
01941cam a2200493 a 4500 |
| 001 |
c000271621 |
| 003 |
CARM |
| 005 |
20070911100648.0 |
| 008 |
980420s1998 xnab b 000 0 eng d |
| 019 |
1 |
|
|a 13778097
|5 LACONCORD2021
|
| 020 |
|
|
|a 0731355032
|
| 035 |
|
|
|a (OCoLC)39290909
|5 LACONCORD2021
|
| 040 |
|
|
|a NSL:R
|b eng
|c NSL:R
|d VVUT
|d NSL
|
| 042 |
|
|
|a anuc
|
| 043 |
|
|
|a u-at---
|
| 082 |
0 |
4 |
|a 333.914099447
|2 21
|
| 110 |
2 |
|
|a Snowy Water Inquiry (N.S.W. and Vic.)
|
| 245 |
1 |
0 |
|a Snowy Water Inquiry issues paper.
|
| 260 |
|
|
|a Sydney, N.S.W. :
|b Snowy Water Inquiry,
|c 1998.
|
| 300 |
|
|
|a 31 p. :
|b maps ;
|c 29 cm.
|
| 500 |
|
|
|a Cover title.
|
| 500 |
|
|
|a "Snowy Water Inquiry jointly sponsored by the Governments of New South Wales and Victoria".
|
| 500 |
|
|
|a "April 1998"--T.p. verso.
|
| 500 |
|
|
|a Also available in an electronic version via the Internet.
|
| 504 |
|
|
|a Bibliography: p. 29-31.
|
| 538 |
|
|
|a Previously available in electronic format via the Internet. As of 29/9/04 this link no longer available: http://www.snowywaterinquiry.org.au/documents/issues.htm
|
| 610 |
2 |
0 |
|a Snowy Mountains Hydro-Electric Scheme.
|
| 610 |
2 |
0 |
|a Snowy Water Inquiry (N.S.W. and Vic.)
|
| 610 |
1 |
0 |
|a New South Wales.
|t Snowy Hydro Corporatisation Act 1997.
|
| 651 |
|
0 |
|a Snowy River (N.S.W. and Vic.)
|x Power utilization.
|
| 653 |
|
|
|a Victoria
|
| 653 |
|
|
|a New South Wales
|
| 653 |
|
|
|a Snowy Mountains Scheme
|
| 653 |
|
|
|a Corporatisation
|
| 653 |
|
|
|a Water consumption
|
| 653 |
|
|
|a Federal state relations
|
| 653 |
|
|
|a Committees and inquiries
|
| 653 |
|
|
|a Environmental impact
|
| 653 |
|
|
|a Federal issue
|
| 653 |
|
|
|a State issue
|
| 653 |
|
|
|a Snowy Water Inquiry
|
| 852 |
8 |
|
|b CARM
|h A1:AN25D0
|i F02672
|p 0391586
|f BK
|
| 999 |
f |
f |
|i 75504040-d160-5a01-981b-5268ff5a8013
|s 323d35f1-a2ad-5f2c-97b6-88299d7d85e1
|
| 952 |
f |
f |
|p Can circulate
|a CAVAL
|b CAVAL
|c CAVAL
|d CARM 1 Store
|e F02672
|f A1:AN25D0
|h Other scheme
|i book
|m 0391586
|